| 000 | 01358cam a2200469 a 4500 | ||
|---|---|---|---|
| 005 | 20260322212022.0 | ||
| 008 | data | ||
| 010 | _a 2012944040 | ||
| 015 |
_aGBB293197 _2bnb |
||
| 016 | 7 |
_a016171916 _2Uk |
|
| 019 |
_a842877018 _a842877018 |
||
| 020 | _a9780199693887 (pbk.) | ||
| 020 | _a0199693889 (pbk.) | ||
| 020 | _a9780199686247 | ||
| 020 | _a0199686246 | ||
| 040 |
_aUKMGB _beng _cUKMGB _dOCLCF _dOCLCO _dKIJ _dYDXCP _dYDX _dCDX _dCGU _dUOH _dVET _dBTCTA _dVET _dUAU _dOCLCF |
||
| 041 | 0 | 9 | _aeng |
| 042 |
_anlmcopyc _anlmcopyc |
||
| 044 | _9England | ||
| 050 | 0 | 0 |
_aRC456 _b.O95 2013 |
| 060 | 1 | 0 | _aWM 34 |
| 082 | 0 | 4 |
_a616.89 _223 |
| 096 | _aWM 34 O95 2016 | ||
| 100 | 1 |
_aSemple, David _q(David M.) |
|
| 245 | 1 | 0 |
_aOxford handbook of psychiatry / _cDavid Semple & Roger Smyth. |
| 250 | _a3rd ed. | ||
| 260 |
_aOxford : _bOxford University Press, _c2013. |
||
| 300 |
_axxviii, 1057 p. : _bill. ; _c19 cm. |
||
| 490 | 1 | _aOxford handbooks | |
| 490 | 1 | _aOxford medical publications | |
| 504 | _aIncludes bibliographical references and index. | ||
| 650 | 1 | 2 |
_aMental Disorders _xtherapy |
| 650 | 2 | 2 | _aPsychiatry |
| 655 | 2 | _aHandbooks | |
| 700 | 1 | _aSmyth, Roger. | |
| 830 | 0 | _aOxford medical publications. | |
| 830 | 0 | _aOxford handbooks. | |
| 992 |
_pP3 _eEF _a20140806 |
||
| 993 |
_aKXP _b20140904 |
||
| 994 |
_aCDN _b20140919 |
||
| 001 | data | ||
| 999 |
_c504 _d504 |
||